<?xml version="1.0" encoding="UTF-8"?>
<record
    xmlns:xsi="http://www.w3.org/2001/XMLSchema-instance"
    xsi:schemaLocation="http://www.loc.gov/MARC21/slim http://www.loc.gov/standards/marcxml/schema/MARC21slim.xsd"
    xmlns="http://www.loc.gov/MARC21/slim">

  <leader>00740nam a2200181Ia 4500</leader>
  <controlfield tag="008">100917s9999    xx            000 0 und d</controlfield>
  <datafield tag="082" ind1=" " ind2=" ">
    <subfield code="b">50804</subfield>
  </datafield>
  <datafield tag="100" ind1=" " ind2=" ">
    <subfield code="a">&#x92A;&#x935;&#x93E;&#x930; &#x92C;&#x93E;. &#x917;.</subfield>
  </datafield>
  <datafield tag="245" ind1=" " ind2=" ">
    <subfield code="a">&#x92A;&#x939;&#x93F;&#x932;&#x940; &#x92D;&#x93E;&#x930;&#x924;&#x940;&#x92F; &#x936;&#x93F;&#x915;&#x94D;&#x937;&#x915;&#x93F;&#x93E; &#x938;&#x93E;&#x935;&#x93F;&#x924;&#x94D;&#x930;&#x940;&#x92C;&#x93E;&#x908; &#x92B;&#x941;&#x932;&#x947;</subfield>
  </datafield>
  <datafield tag="260" ind1=" " ind2=" ">
    <subfield code="b">&#x92E;&#x93E;&#x924;&#x943;&#x92D;&#x942;&#x92E;&#x93F; &#x92A;&#x94D;&#x930;&#x915;&#x93E;&#x936;&#x928;</subfield>
    <subfield code="c">1982</subfield>
  </datafield>
  <datafield tag="300" ind1=" " ind2=" ">
    <subfield code="a">74</subfield>
  </datafield>
  <datafield tag="365" ind1=" " ind2=" ">
    <subfield code="b">9</subfield>
  </datafield>
  <datafield tag="520" ind1=" " ind2=" ">
    <subfield code="a">&#x91A;&#x930;&#x93F;&#x924;&#x94D;&#x930;</subfield>
  </datafield>
  <datafield tag="630" ind1=" " ind2=" ">
    <subfield code="a">&#x92A;&#x939;&#x93F;&#x932;&#x940; &#x92D;&#x93E;&#x930;&#x924;&#x940;&#x92F; &#x936;&#x93F;&#x915;&#x94D;&#x937;&#x915;&#x93F;&#x93E; &#x938;&#x93E;&#x935;&#x93F;&#x924;&#x94D;&#x930;&#x940;&#x92C;&#x93E;&#x908; &#x92B;&#x941;&#x932;&#x947;</subfield>
  </datafield>
  <datafield tag="650" ind1=" " ind2=" ">
    <subfield code="a">&#x91A;&#x930;&#x93F;&#x924;&#x94D;&#x930;</subfield>
  </datafield>
  <datafield tag="730" ind1=" " ind2=" ">
    <subfield code="a">&#x92A;&#x939;&#x93F;&#x932;&#x940; &#x92D;&#x93E;&#x930;&#x924;&#x940;&#x92F; &#x936;&#x93F;&#x915;&#x94D;&#x937;&#x915;&#x93F;&#x93E; &#x938;&#x93E;&#x935;&#x93F;&#x924;&#x94D;&#x930;&#x940;&#x92C;&#x93E;&#x908; &#x92B;&#x941;&#x932;&#x947;</subfield>
  </datafield>
  <datafield tag="942" ind1=" " ind2=" ">
    <subfield code="c">BOOK</subfield>
  </datafield>
  <datafield tag="999" ind1=" " ind2=" ">
    <subfield code="c">656198</subfield>
    <subfield code="d">656195</subfield>
  </datafield>
  <datafield tag="952" ind1=" " ind2=" ">
    <subfield code="0">0</subfield>
    <subfield code="1">0</subfield>
    <subfield code="4">0</subfield>
    <subfield code="7">1</subfield>
    <subfield code="a">PUNMGS</subfield>
    <subfield code="b">PUNMGS</subfield>
    <subfield code="c">&#x935;&#x902;, &#x925; 82</subfield>
    <subfield code="d">2010-09-17</subfield>
    <subfield code="g">9.00</subfield>
    <subfield code="l">0</subfield>
    <subfield code="p">PUNMGS-50804</subfield>
    <subfield code="r">2010-09-17 00:00:00</subfield>
    <subfield code="w">2010-09-17</subfield>
    <subfield code="y">BOOK</subfield>
    <subfield code="z">&#x938;&#x902;&#x926;&#x930;&#x94D;&#x92D;</subfield>
  </datafield>
</record>
